000 00486cam a2200145ua 4500
041 _aeng
_h
082 _a028.74721
_bSIN/AC
100 _aSingal, S p .
245 _aAcoustic remote sensing :proceedings of the fifth international symposium on acoustic remote sensing of the atmosphere and Ocean /
_cS P Singal.
_hTextual Documents
260 _aNew Delhi :
_bTata Mc-Graw Hill Publishing Company ,
_c1990.
300 _a538 ; .
504 _a
942 _cBK
999 _c10199
_d10199